| 000 | 00426nam a2200157 4500 | ||
|---|---|---|---|
| 001 | 113617 | ||
| 003 | ES-MaACL | ||
| 005 | 20251005063107.0 | ||
| 007 | t| | ||
| 008 | 061121s1916 sp r ||||1| spa d | ||
| 100 | 1 |
_aNogales, José, _d1860-1908 _985840 |
|
| 245 | 1 | 4 |
_aLas tres cosas del tío Juan / _cJosé Nogales. |
| 260 |
_aMadrid : _b[s.n.], _c1916. |
||
| 852 |
_aES-MaACL _j1508-F-9 |
||
| 999 |
_c113617 _d113617 |
||